Песни за глас и пиано (Запис номер 351725)
[ съкратено ]
| 000 -Лидер | |
|---|---|
| Контролно поле с фиксирана дължина | ncm a22 a 4500 |
| 003 - Код на организацията, давaща контролен номер | |
| Контролно поле | BLK |
| 005 - Дата и час на последна редакция | |
| Контролно поле | 20200629201729.0 |
| 008 - Елементи от данни с фиксирана дължина | |
| fixed length control field | 200325b bu ||||| |||| 00| 0 bu d |
| 040 ## - Източник на каталожния запис | |
| Идентификатор на билиотеката - собственик на записа | BLK |
| 041 ## - Код за език | |
| Код за езика на текст/звукозапис или на отделно заглавие | Български |
| Код за езика КДБФ | Български |
| 080 ## - УДК | |
| Текстов определител УДК | Камерна вок. муз. Песни, балади, арии, романси |
| УДК код - определител по УДК | 784.3 |
| УДК - код + определител | 784.3 |
| 080 ## - УДК | |
| Текстов определител УДК | Музика за пиано |
| УДК код - определител по УДК | 786.2 |
| УДК определител | 786.2 |
| 139 ## - Редно поле | |
| Редна дума | Песни за глас и пиано |
| Авторски знак | Пес - П 38 |
| 245 ## - Сведения за заглавието | |
| Заглавие | Песни за глас и пиано |
| Подзаглавни данни | авторски ръкописи |
| 260 ## - Област на издателските данни | |
| 9 (RLIN) | 403799 |
| Място на издаване, разпространение и проч. | София |
| Име на издателя, разпространителя и проч. | Съюз на българските композитори |
| Година на издаване | 1985 |
| 300 ## - Физическа характеристика | |
| Страници | 252 с. |
| Размери/Мащаб | 31 см |
| 380 ## - Жанр | |
| Жанр | Изкуство |
| 490 ## - СЕРИИ (Колекции) | |
| 9 (RLIN) | 403801 |
| Име на серия | Панорама на българското музикално творчество |
| 500 ## - Общи забележки | |
| Забележка | Съдържа 44 авторски песни от български композитори |
| 650 #0 - Допълнително описание по предмет – тема | |
| 9 (RLIN) | 276897 |
| Основно описание – тема или топоним | Вокална музика |
| 653 #7 - Ключова дума – ненормативна | |
| 9 (RLIN) | 193730 |
| Ключова дума | пиано |
| 653 #7 - Ключова дума – ненормативна | |
| 9 (RLIN) | 182704 |
| Ключова дума | български песни |
| 852 ## - Местоположение | |
| Форматна сигнатура | Цб М II 10315 |
| 999 ## - СИСТЕМНИ КОНТРОЛНИ НОМЕРА | |
| Koha biblionumber | 351725 |
| Koha biblioitemnumber | 351725 |
| 942 ## - АРТИКУЛИ | |
| Вид на библиотечния материал | Нотни издания |
| Скрит в OPAC | Не |
| Периодичен библиозапис | Да |
| 944 ## - СЪЗДАВАНЕ И РЕДАКЦИЯ на ЗАПИСА | |
| Дата на регистрацията/редакция | 2020-04-06 |
| Служител, извършил регистрацията/редакцията | Ренета Константинова |
| Създаване/Редакция | Създаване |
| 999 ## - СИСТЕМНИ КОНТРОЛНИ НОМЕРА | |
| Koha biblioitemnumber | 351725 |
| 999 ## - СИСТЕМНИ КОНТРОЛНИ НОМЕРА | |
| Koha biblioitemnumber | 351725 |
| 999 ## - СИСТЕМНИ КОНТРОЛНИ НОМЕРА | |
| Koha biblioitemnumber | 351539 |
| Код за отписване | Код за изгубен артикул | Източник на класификационната схема | Код за повреда | Коз за рестрикции | Код за отдаване | Артикулен № | Име на библиотеката - собственик | Име на библиотеката, в която се намира в момента | Статус (Текущо местоположение) | Дата на вписване в системата | Местоположение - отдел | Цена в лева | Инвентарен номер | Систематично азбучна сигнатура | Баркод | Цена в евро | Служебен тип на артикула |
|---|---|---|---|---|---|---|---|---|---|---|---|---|---|---|---|---|---|
| Не е изгубен | Universal Decimal Classification | Не е повреден | без рестрикции | заемане за дома | 759996 | Регионална библиотека "Любен Каравелов" Русе | Регионална библиотека "Любен Каравелов" Русе | Отдел Изкуство - подръчен фонд | 2020-04-09 | Отдел Изкуство - подръчен фонд | 0.01 | 485935 | 784/П 38 | 120000485935 | 0.01 | Нотни издания | |
| Не е изгубен | Universal Decimal Classification | Не е повреден | само за читалня | ползва се в читалня | 779509 | Регионална библиотека "Любен Каравелов" Русе | Регионална библиотека "Любен Каравелов" Русе | Хранилище | 2020-06-29 | Хранилище | 2.40 | 447943 | Цб М ІІ 10315 | 900000022955 | 1.23 | Нотни издания |